El aprendizaje de la matemática (Record no. 5039)
[ view plain ]
| 000 -LEADER | |
|---|---|
| campo de control de longitud fija | 01006nam a2200325 a 4500 |
| 003 - IDENTIFICADOR DE NÚMERO DE CONTROL | |
| campo de control | AR-BaBNM |
| 005 - FECHA Y HORA DE LA ÚLTIMA TRANSACCIÓN | |
| campo de control | 20251128203823.0 |
| 008 - DATOS DE LONGITUD FIJA--INFORMACIÓN GENERAL | |
| campo de control de longitud fija | 082120s2002 ||||||||||||||000 | spa|| |
| 040 ## - FUENTE DE CATALOGACIÓN | |
| Centro/agencia transcriptor | AR-BaBNM |
| 100 1# - ENTRADA PRINCIPAL--NOMBRE DE PERSONA | |
| Nombre de persona | Dienes, Zoltan Paul |
| 245 00 - MENCIÓN DEL TÍTULO | |
| Título | El aprendizaje de la matemática |
| Resto del título | un estudio experimental |
| 250 ## - MENCION DE EDICION | |
| Mención de edición | 1ª ed. |
| 260 ## - PUBLICACIÓN, DISTRIBUCIÓN, ETC. | |
| Lugar de publicación, distribución, etc. | Buenos Aires |
| Nombre del editor, distribuidor, etc. | Estrada |
| Fecha de publicación, distribución, etc. | 1971 |
| 300 ## - DESCRIPCIÓN FÍSICA | |
| Extensión | xxx, 245 p. |
| Otros detalles físicos | il., láms. |
| 490 #0 - MENCIÓN DE SERIE | |
| Mención de serie | Biblioteca de ciencias de la educación |
| 500 ## - NOTA GENERAL | |
| Nota general | Apéndice p. 241-245 |
| 650 #4 - PUNTO DE ACCESO ADICIONAL DE MATERIA--TÉRMINO DE MATERIA | |
| Término de materia o nombre geográfico como elemento de entrada | ENSEÑANZA DE LAS MATEMATICAS |
| 650 #4 - PUNTO DE ACCESO ADICIONAL DE MATERIA--TÉRMINO DE MATERIA | |
| Término de materia o nombre geográfico como elemento de entrada | RAZONAMIENTO ABSTRACTO |
| 650 #4 - PUNTO DE ACCESO ADICIONAL DE MATERIA--TÉRMINO DE MATERIA | |
| Término de materia o nombre geográfico como elemento de entrada | JUEGOS EDUCATIVOS |
| 650 #4 - PUNTO DE ACCESO ADICIONAL DE MATERIA--TÉRMINO DE MATERIA | |
| Término de materia o nombre geográfico como elemento de entrada | CONCEPTOS MATEMATICOS |
| 650 #4 - PUNTO DE ACCESO ADICIONAL DE MATERIA--TÉRMINO DE MATERIA | |
| Término de materia o nombre geográfico como elemento de entrada | CONCEPTOS NUMERICOS |
| 650 #4 - PUNTO DE ACCESO ADICIONAL DE MATERIA--TÉRMINO DE MATERIA | |
| Término de materia o nombre geográfico como elemento de entrada | LENGUAJES SIMBOLICOS |
| 653 ## - TÉRMINO DE INDIZACIÓN--NO CONTROLADO | |
| Término no controlado | PROCESO DE ENSEÑANZA-APRENDIZAJE |
| 700 1# - ENTRADA AGREGADA--NOMBRE PERSONAL | |
| Nombre de persona | Bruner, Jerome S. |
| Término indicativo de función/relación | prologuista |
| 700 1# - ENTRADA AGREGADA--NOMBRE PERSONAL | |
| Nombre de persona | Banfi, José |
| Término indicativo de función/relación | prologuista |
| 700 1# - ENTRADA AGREGADA--NOMBRE PERSONAL | |
| Nombre de persona | Verdaguer de Banfi, Cristina |
| Término indicativo de función/relación | traductor |
| 800 1# - PUNTO DE ACCESO ADICIONAL DE SERIE--NOMBRE DE PERSONA | |
| Nombre de persona | Zanotti, Luis Jorge |
| Término indicativo de función/relación | director |
| 942 ## - ELEMENTOS DE ENTRADA SECUNDARIOS (KOHA) | |
| Tipo de ítem Koha | Libros |
| 998 ## - INFORMACIÓN DE CONTROL LOCAL (RLIN) | |
| Iniciales del catalogador, CIN (RLIN) | Carmen |
| Estatus retirado | Estado de pérdida | Fuente de la clasificación o esquema de estantería | Estado de daño | No para préstamo | Biblioteca de origen | Biblioteca actual | Fecha de adquisición | Total de préstamos | Signatura topográfica completa | Código de barras | Visto por última vez | Precio de reemplazo | Tipo de ítem Koha |
|---|---|---|---|---|---|---|---|---|---|---|---|---|---|
| Clasificación Decimal Dewey | Liberty | Liberty | 28/11/2025 | 372.851 DIEN | 066701 | 28/11/2025 | 28/11/2025 | Libros | |||||
| Clasificación Decimal Dewey | Liberty | Liberty | 28/11/2025 | 372.851 DIEN | 066707 | 28/11/2025 | 28/11/2025 | Libros |